Capitales d'Afrique - Mort subite - Statistiques

Statistiques générales
  • Ce quiz a été pris 685 fois
  • Le résultat moyen est 7 sur 12
Answers on the Grid
Answers color-coded by a green-red scale on the quiz's grid according to % correct below.
Alger
Dakar
Nairobi
Nouakchott
Casablanca
Yaoundé
Accra
Béjaïa
Sfax
Lagos
Douala
Alexandrie
Tombouctou
Freetown
Khartoum
Tripoli
Johannesburg
Abidjan
Tunis
Marrakech
Abuja
Gizeh
Kinshasa
Dar es salam
 
Statistiques - réponses
Réponse % Correct
Alger
73%
Tunis
72%
Dakar
69%
Nairobi
69%
Kinshasa
63%
Yaoundé
61%
Tripoli
60%
Accra
53%
Freetown
53%
Khartoum
51%
Abuja
48%
Nouakchott
48%
Aucun quiz correspondant
Distribution des résultats
% des personnes avec chaque résultat
Percentile par nombre de réponses
Votre historique - résultats
Vous n’avez pas pris ce quiz